| 000 | 00782cam a22002531 4500 | ||
|---|---|---|---|
| 001 | ne 65000623 | ||
| 003 | DLC | ||
| 005 | 20260227111812.0 | ||
| 008 | 890323s1964 ua b 000 0 arar | ||
| 010 | _ane 65000623 | ||
| 025 | _aPL480:UAR-5536 | ||
| 035 | _a(OCoLC)19426249 | ||
| 040 |
_aDLC _cWaU _dWaU _dDLC |
||
| 042 | _apremarc | ||
| 043 | _ama----- | ||
| 050 | 0 | 0 |
_aPJ7541 _b.K47 |
| 100 | 1 | _aKhafājī, Muḥammad ʻAbd al-Munʻim. | |
| 245 | 1 | 3 |
_aal-Bināʼ al-fannī lil-qaṣīdah al-ʻArabīyah _c[taʼlīf] Muḥammad ʻAbd al-Munʻim Khafājī. |
| 250 | _aal-Ṭabʻah al-ūlá. | ||
| 260 |
_aal-Qāhirah, _bMaktabat al-Qāhirah _c[1964] |
||
| 300 |
_a381 p. _c24 cm. |
||
| 504 | _aBibliographical footnotes. | ||
| 650 | 0 |
_aArabic poetry _xHistory and criticism. |
|
| 999 |
_c48006 _d48006 |
||